Gilligan's Island Actors Quiz Stats

 Plays Quiz Updated Jan 16, 2014

     
Support Sporcle.
Go Orange.
Score 0/7 Timer 02:00
0 Plays Today
From theme song Actor % Correct
Gilligan...Bob Denver
95.6%
the Skipper...Alan Hale Jr
82.8%
the Millionaire...Jim Backus
74%
the Movie Star...Tina Louise
73.9%
and Mary Ann.Dawn Wells
64.4%
the Professor...Russell Johnson
60%
and his wife...Natalie Schaefer
45.8%

From the Vault

Movies of 1997

by grapefruitking

Movies 6m
Let us take you back to 1997, a simpler time when you had to turn off the Internet to use your phone.
Remove Ads.
Support Sporcle.
Get the best of Sporcle when you Go Orange. This ad-free experience offers more features, more stats, and more fun while also helping to support Sporcle. Thank you for becoming a member.

Show Comments

Extras

Top Quizzes Today


Score Distribution

Your Account Isn't Verified!

In order to create a playlist on Sporcle, you need to verify the email address you used during registration. Go to your Sporcle Settings to finish the process.

Report this User

Report this user for behavior that violates our Community Guidelines.

Details: